000 00466cam a2200145 4500500
005 20260111093523.0
041 _afre
042 _adc
100 1 0 _aArnould, Paul
_eauthor
245 0 0 _aPeter Wohlleben, chantre des « arbres sociaux » ?
260 _c2018.
500 _a89
786 0 _nLa Géographie | 1568 | 1 | 2018-01-02 | p. 68-68 | 1964-9002
856 4 1 _uhttps://shs.cairn.info/revue-la-geographie-2018-1-page-68?lang=fr&redirect-ssocas=7080
999 _c1626604
_d1626604